List of officers 1898-9 (Record no. 116775)

MARC details
000 -LEADER
fixed length control field 00615cam a22002055a 4500
001 - CONTROL NUMBER
control field L141785
008 - FIXED-LENGTH DATA ELEMENTS--GENERAL INFORMATION
fixed length control field 071220s1899 xxk eng u
035 ## - SYSTEM CONTROL NUMBER
System control number (Sirsi) u141785
041 0# - LANGUAGE CODE
Language code of text/sound track or separate title eng
110 2# - MAIN ENTRY--CORPORATE NAME
Corporate name or jurisdiction name as entry element Institute of Estate and House Agents
9 (RLIN) 5481
245 00 - TITLE STATEMENT
Title List of officers 1898-9
260 ## - PUBLICATION, DISTRIBUTION, ETC.
Place of publication, distribution, etc. [London]
Name of publisher, distributor, etc. [The Institute]
Date of publication, distribution, etc. [1899]
300 ## - PHYSICAL DESCRIPTION
Extent 20 p.
Dimensions 22 cm.
340 ## - PHYSICAL MEDIUM
Material base and configuration Printed
351 ## - ORGANIZATION AND ARRANGEMENT OF MATERIALS
Hierarchical level Single item
500 ## - GENERAL NOTE
General note Also includes list of rules and regulations, terms of commission and list of members.
651 4# - SUBJECT ADDED ENTRY--GEOGRAPHIC NAME
Geographic name United Kingdom
Chronological subdivision
690 ## - LOCAL SUBJECT ADDED ENTRY--TOPICAL TERM (OCLC, RLIN)
Topical term or geographic name as entry element ABOUT RICS-RELATED ORGANISATIONS
942 ## - ADDED ENTRY ELEMENTS (KOHA)
Suppress in OPAC 0
Holdings
Withdrawn status Lost status Source of classification or shelving scheme Damaged status Not for loan Home library Current library Shelving location Date acquired Total Checkouts Full call number Barcode Date last seen Copy number Price effective from Koha item type
    Dewey Decimal Classification     Historic collection Historic collection RICS Boxes 20/12/2007   RICS 1899/2 141785-2001 06/08/2019 1 06/08/2019 Archive